000 00661nam a2200229 a 4500
008
020 _a1854311654 (pbk.)
049 _aMAIN
090 _aK120
100 1 _aKing, A. G.
245 1 0 _aEffective communication /
_cAnthony G. King.
260 _aLondon :
_bBlackstone Press,
_c1992.
300 _a106 p. ;
_c22 cm.
440 0 _aLegal practice handbook.
504 _aIncludes bibliographical references.
650 0 _aCommunication in law
_xHandbooks, manuals, etc.
907 _a.b10143075
_b09-12-04
_c09-12-04
003
005 20230123133858.0
040 _cNUST
942 _cBOOKS
_kK120
999 _c156189
_d156189